1084 1331 1191 1063 1030 1606 1832 1144 1617 1491 1557 1669 1985 1932 1370 1801 1464 1046 1936 1558 1309 1839 1925 1610 1126 1532 1433 1171 1887 1491 1808 1710 1423 1928 1867 1325 1649 1316 1145 1114 1027 1956 1848 1878 1230 1991 1660 1310 1457 1441 1723 1499 1930 1947 1741 1347 1708 1228 1429 1290 1474 1698 1982 1217 1246 1763 1425 1342 1076 1430 1349 1586 1079 1612 1921 1168 1183 1530 1875 1605 1406 1090 1629 1185 1721 1523 1393 1126 1924 1981 1641 1240 1015 1991 1517 1011 1963 1753 1534 BCNSPRNW ULIB Ver.6.0+V

เปลี่ยนเป็นภาษาไทย

Change to English
 แสดงรายละเอียดบรรณานุกรม
  กลับหน้าหลัก

Brief Record : Get Marc (ISO 2709) : E-mail record : QR code < ปิดหน้าต่าง
LEADER : 00000nam 2200000uu 4500
001    13399123271
003     ULIB
008    140813s2553||||th 000 0 tha d
020    ^a9789741113965
060  4 ^aW225.JT3^bง319 ล.4
245 00 ^aงานวิจัยเพื่อการพัฒนาหน่วยบริการปฐมภูมิ :^b1.ศูนย์แพทย์ชุมชนภายใต้ระบบหลักประกันสุขภาพแห่งชาติ :กรณีศึกษาศูนย์แพทย์ชุมชน 9 แห่ง 2.ต้นทุนต่อหน่วยบริการในระดับปฐมภูมิ :กรณีศึกษาศูนย์สุขภาพชุมชน 6 จังหวัด /^cคณะผู้วิจัย สุพัตรา ศรีวณิชชากร ... [และคนอื่น ๆ]
246 14 ^aงานวิจัยเพื่อการพัฒนาหน่วยบริการปฐมภูมิ :^b1.ศูนย์แพทย์ชุมชนภายใต้ระบบหลักประกันสุขภาพแห่งชาติ :กรณีศึกษาศูนย์แพทย์ชุมชน 9 แห่ง 2.ต้นทุนต่อหน่วยบริการในระดับปฐมภูมิ :กรณีศึกษาศูนย์สุขภาพชุมชน 6 จังหวัด.^nเล่ม 4
246 30 ^aศูนย์แพทย์ชุมชนภายใต้ระบบหลักประกันสุขภาพแห่งชาติ :^bกรณีศึกษาศูนย์แพทย์ชุมชน 9 แห่ง
246 30 ^aต้นทุนต่อหน่วยบริการในระดับปฐมภูมิ :^bกรณีศึกษาศูนย์สุขภาพชุมชน 6 จังหวัด
250    ^aพิมพ์ครั้งที่ 1
260    ^aนครปฐม :^bสำนักงานวิจัยและพัฒนาระบบสุขภาพชุมชน,^c2553
300    ^a100 หน้า :^bภาพประกอบ
490 0  ^aชุดรวมผลงานวิจัยของสำนักงานวิจัยและพัฒนาระบบสุขภาพชุมชนพ.ศ. 2550-2552 ;^vเล่มที่ 4
505 0  ^a^tสรุปบทเรียนการพัฒนาศูนย์แพทย์ชุมชนภายใต้ระบบหลักประกันสุขภาพแห่งชาติ กรณีศึกษาศูนย์แพทย์ชุมชน 9 แห่ง - -^tต้นทุนต่อหน่วยบริการในระดับปฐมภูมิ ในศูนย์สุขภาพชุมชน (PCU) ปีงบประมาณ 2549 กรณีศึกษา 6 จังหวัด
650  7 ^aประกันสุขภาพ^zไทย^xวิจัย
650  7 ^aศูนย์สุขภาพชุมชน^xวิจัย
650  7 ^aบริการปฐมภูมิ(การแพทย์)^zไทย^xวิจัย
650  7 ^aบริการทางการแพทย์^xค่าใช้จ่าย
700 0  ^aสุพัตรา ศรีวณิชชากร
710 2  ^aสำนักงานวิจัยและพัฒนาระบบสุขภาพชุมชน
945    ^p0^l0^i034569
999    ^aเกษร โพธิ์สุวรรณ
รายการนี้ยังไม่มีแท็ก
คุณยังไม่ได้ล็อกอิน คุณสามารถมีกิจกรรมร่วมกับเว็บไซต์ได้ แต่ต้องล็อกอินก่อน ::
  ล็อกอิน

รายการสื่อสารสนเทศ

ลำดับที่ ประเภท เลขเรียก/บาร์โค้ด สถานที่ สถานะ
1. วิทยาศาสตร์การแพทย์ และสุขภาพ
วิทยาศาสตร์การแพทย์ และสุขภาพ
W225.JT3 ง319 ล.4 ฉ.1 
  Barcode: 034569
ห้องสมุดวิทยาเขตสวรรค์ประชารักษ์
►ส่วนจัดเก็บหนังสือเก่า สปร
บนชั้น
  ขอยืม

BibComment


ยังไม่เคยถูกคอมเมนท์

คอมเมนท์ทรัพยากรรายการนี้
  คอมเมนท์: งานวิจัยเพื่อการ..


 Copyright 2026. Bcnsprnw @Library